| 000 | 01211nam a2200301 i 4500 | ||
|---|---|---|---|
| 001 | 67577 | ||
| 003 | ES-MaACL | ||
| 005 | 20250928123444.0 | ||
| 007 | t| | ||
| 008 | 040604s2003 sp |||| | spa d | ||
| 020 | _a84-368-1795-8 | ||
| 080 | _a336.74(4)"15/19" | ||
| 080 | _a338.23(4):336.74"15/19" | ||
| 245 | 0 | 3 |
_aLa moneda en Europa _b: de Carlos V al euro / _ccoordinadores, Manuel Varela Parache, Juan José Durán Herrera. |
| 260 |
_aMadrid : _bPirámide, _c[2003] |
||
| 300 |
_a315 p. ; _c23 cm. |
||
| 490 | 1 | _aColección "Economía y gestión internacional" | |
| 504 | _aBibliografía: p. 305-315. | ||
| 594 | _aPonencia del seminario celebrado en Yuste y Jarandilla de la Vera, del 19 al 21 de octubre de 2000, y del encuentro celebrado en Granada, el 8 y 9 de marzo de 2002. | ||
| 596 | _aEn port.: Fundación ICO; Centro Internacional Carlos V. | ||
| 650 | 1 | 4 |
_aMoneda- _zEuropa- _vHistoria. _9160457 |
| 651 |
_aEuropa- _xPolítica monetaria. _9174939 |
||
| 700 | 1 |
_aVarela, Manuel, _d1926-2011 _9113142 |
|
| 700 | 1 |
_aDurán Herrera, Juan José. _946222 |
|
| 830 | 0 |
_aEconomía y gestión internacional _9230902 |
|
| 852 |
_aES-MaACL _jL-27779 |
||
| 999 |
_c67577 _d67577 |
||